00741nam a2200205Ia 4500003000900000008004100009040001600050080001600066100003500082245018000117260002600297300001500323650004100338650001200379700001700391700001600408942000700424999001300431952009100444IN-BaIIA211028s9999 xx 000 0 eng d cIIA Library a528.02bSCH aHermann, De Schlagintweit9561 0aResults of a scientific mission to India and high Asia undertaken between the years 1854 and 1859bvol. II, meteriology of IndiacDe Schlagintweit, Hermann, Adolphe and Robert aLondonbTrubnerc1866 axvi, 586p. aAstronomy and Astrophysics Thesaurus aGeodesy aAdolphe9562 aRobert9563 cBK c288d288 00104070aBANbKODcGENd0000-00-00l0o528.02/ SCHp275r2021-11-05w0000-00-00yBK